00862cam a22002654a 45000010009000000050017000090080041000260100017000670200036000840400018001200410008001380420008001460430012001540800021001660820025001871000007002121010008002192450085002272460049003125040041003619060045004029420012004479990017004599520120004761200977920180227054044.0000516s2000 nyu b 000 0 eng  a 00040723  a1573928658 (paper : alk. paper) aDLCcDLCdDLC aeng apcc an-us--- a331.09730904 HIN00a331.09730904 HIN221 a16 aHIS00aU.S. labor in the twentieth century :cedited by John Hinshaw and Paul Le Blanc.3 aUnited States labor in the twentieth century aIncludes bibliographical references. a7bcbccorignewd1eocipf20gy-gencatlg 2ddccBK c43579d43579 00102udc40708PËKGa002b002cPËKGd2018-02-27l0o331.09730904 HINp002-3000230r2018-02-27w2018-02-27yBK